|
|
|
|
| LEADER |
00000caa a22000002c 4500 |
| 001 |
1476121109 |
| 003 |
DE-627 |
| 005 |
20240705204229.0 |
| 007 |
tu |
| 008 |
140519s1924 xx ||||| o 00| ||ger c |
| 035 |
|
|
|a (DE-627)1476121109
|
| 035 |
|
|
|a (DE-576)406121109
|
| 035 |
|
|
|a (DE-599)BSZ406121109
|
| 040 |
|
|
|a DE-627
|b ger
|c DE-627
|e rakwb
|
| 041 |
|
|
|a ger
|
| 084 |
|
|
|a 1
|2 ssgn
|
| 100 |
1 |
|
|a Franke, R. Otto
|4 aut
|
| 245 |
1 |
0 |
|a Aung, Shwe Zan, Dogmatik des modernen südlichen Buddhismus
|b [Rezension]
|c R. Otto Franke
|
| 264 |
|
1 |
|c 1924
|
| 336 |
|
|
|a Text
|b txt
|2 rdacontent
|
| 337 |
|
|
|a ohne Hilfsmittel zu benutzen
|b n
|2 rdamedia
|
| 338 |
|
|
|a Band
|b nc
|2 rdacarrier
|
| 601 |
|
|
|a Buddhismus
|
| 601 |
|
|
|a Rezension
|
| 655 |
|
7 |
|a Rezension
|0 (DE-588)4049712-4
|0 (DE-627)106186019
|0 (DE-576)209083166
|2 gnd-content
|
| 773 |
0 |
8 |
|i In
|t Theologische Literaturzeitung
|d Leipzig : Ev. Verl.-Anst., 1876
|g 49(1924), 21, Seite 465
|w (DE-627)129081191
|w (DE-600)3418-6
|w (DE-576)014414023
|x 0040-5671
|7 nnas
|
| 773 |
1 |
8 |
|g volume:49
|g year:1924
|g number:21
|g pages:465
|
| 776 |
0 |
8 |
|i Erscheint auch als
|n Online-Ausgabe
|a Franke, R. Otto
|t Aung, Shwe Zan, Dogmatik des modernen südlichen Buddhismus
|d 1924
|w (DE-627)1521235961
|w (DE-576)451235967
|k Electronic
|
| 787 |
0 |
8 |
|i Rezension von
|a Shwe Zan Aung
|t Dogmatik des modernen südlichen Buddhismus
|d Heidelberg, 1924
|h 28 S.
|w (DE-627)1137110023
|w (DE-576)067110029
|
| 935 |
|
|
|a mteo
|
| 951 |
|
|
|a AR
|
| ELC |
|
|
|b 1
|
| ITA |
|
|
|a 1
|t 1
|
| LOK |
|
|
|0 000 xxxxxcx a22 zn 4500
|
| LOK |
|
|
|0 001 2797791967
|
| LOK |
|
|
|0 003 DE-627
|
| LOK |
|
|
|0 004 1476121109
|
| LOK |
|
|
|0 005 20180412113717
|
| LOK |
|
|
|0 008 140415||||||||||||||||ger|||||||
|
| LOK |
|
|
|0 035
|a (DE-21)29472
|
| LOK |
|
|
|0 040
|a DE-21
|c DE-627
|d DE-21
|
| LOK |
|
|
|0 852
|a DE-21
|
| LOK |
|
|
|0 852 1
|c Gd 114.4-49.1924
|9 00
|
| LOK |
|
|
|0 935
|a theo
|a ixrz
|
| LOK |
|
|
|0 939
|a 15-04-14
|b l01
|
| ORI |
|
|
|a SA-MARC-ixtheoa001.raw
|